Deutsche Handballnationalmannschaft 2007 (Weltmeisterteam) - Statistiken

Allgemein
  • Dieses Quiz wurde 141 mal gespielt
  • Das Durchschnittsergebnis liegt bei 10 aus 17
Antwortstatistiken
Position Verein (2007) Name % Korrekt
Rückraum links HSV Hamburg Pascal Hens
91%
Torhüter SC Magdeburg Johannes Bitter
88%
Torhüter THW Kiel Henning Fritz
81%
Rückraum Mitte FA Göppingen Michael Kraus
79%
Kreisläufer TBV Lemgo Christian Schwarzer
78%
Rückraum Mitte TBV Lemgo Markus Baur
71%
Torhüter TBV Lemgo Carsten Lichtlein
67%
Rückraum rechts HSG Nordhorn Holger Glandorf
67%
Linksaußen THW Kiel Dominik Klein
65%
Kreisläufer SC Magdeburg Oliver Roggisch
64%
Linksaußen HSV Hamburg Torsten Jansen
62%
Rechtsaußen TBV Lemgo Florian Kehrmann
59%
Rückraum rechts/ Rechtsaußen THW Kiel Christian Zeitz
49%
Rückraum links HSG Wetzlar Lars Kaufmann
47%
Kreisläufer TBV Lemgo Sebastian Preiß
25%
Kreisläufer RN Löwen Andrej Klimovets
24%
Rückraum Mitte RN Löwen Michael Haaß
14%
Keine übereinstimmenden Quizze gefunden
Verteilung der Resultate
Anzahl Personen mit jedem Resultat
Perzentil nach korrekt beantworteten Fragen
Ihre Resultats-Entwicklung
Sie haben dieses Quiz noch nicht gespielt